Journal of Business Finance & Accounting

Detalles Bibliográficos
Formato: eBook
Lenguaje:inglés
Publicado: Hoboken: Wiley, 1974 -
Materias:
Acceso en línea:Acceso restringido

MARC

LEADER 00000nam a22000007a 4500
005 20210325230134.0
007 cr|||| ||||
008 210325c19749999us n|w s|||| 0|||b1eng d
022 |a 0306-686X 
035 |a 32888 
040 |a vLex 
090 |c 11374  |d 11374 
245 0 0 |a Journal of Business Finance & Accounting  |h [Recurso electrn̤ico] / 
256 |a Servicio en ln̕ea 
260 |a Hoboken:  |b Wiley,  |c 1974 - 
300 |a 1 recurso electrn̤ico 
310 |a Irregular 
362 |a Nð 1-1 (Mar. 1974 - 
506 1 |a Disponible solo en los productos indicados  |d vLex Global  |d vLex Global (Academic Edition, excluding Law Schools)  |d vLex Global (Academic Edition, Law Schools) 
650 0 4 |a Derecho Mercantil y de la Empresa  |z Estados Unidos 
650 0 4 |a Derecho Fiscal  |z Estados Unidos 
740 0 |a vLex Revistas (Servicio en ln̕ea) 
856 4 0 |u https://vlex.com/source/32888  |z Acceso restringido 
942 |c REV 
999 0 |a Commercial and Company Law 
999 0 |a Tax Law